[Event "Eastern Asia-ch U14"]
[Site "Tornelo INT"]
[Date "2021.10.31"]
[Round "8"]
[White "Aashman, Gupta"]
[Black "Ekansh, Goel"]
[Result "1-0"]
[WhiteElo "1695"]
[BlackElo "1190"]
[PlyCount "42"]
[EventDate "2021.10.29"]
[EventType "swiss"]
[EventRounds "9"]
[EventCountry "NET"]
[SourceTitle "EXT 2023"]
[Source "ChessBase"]
[SourceDate "2022.10.05"]
[SourceVersion "1"]
[SourceVersionDate "2022.10.05"]
[SourceQuality "1"]

1. d4 d5 2. Bf4 e6 3. e3 Nf6 4. Nf3 c5 5. Nbd2 Nc6 6. c3 Bd6 7. Bg3 0-0 8. Bd3 b6 9. e4 Be7 10. e5 Nh5 11. Ng5 Nxg3 12. Bxh7+ Kh8 13. Nxf7+ Rxf7 14. hxg3 Bg5 15. Bg6+ Kg8 16. Qh5 Bh6 17. Bxf7+ Kf8 18. Bg6 cxd4 19. Qf3+ Kg8 20. Qf7+ Kh8 21. Rxh6+ gxh6 1-0

[Event "Eastern Asia-ch U14"]
[Site "Tornelo INT"]
[Date "2021.10.29"]
[Round "3"]
[White "Mokhtari Moghadam, Taha"]
[Black "Ekansh, Goel"]
[Result "1-0"]
[WhiteElo "1889"]
[BlackElo "1190"]
[PlyCount "47"]
[EventDate "2021.10.29"]
[EventType "swiss"]
[EventRounds "9"]
[EventCountry "NET"]
[SourceTitle "EXT 2023"]
[Source "ChessBase"]
[SourceDate "2022.10.05"]
[SourceVersion "1"]
[SourceVersionDate "2022.10.05"]
[SourceQuality "1"]

1. Nf3 d5 2. d4 Nf6 3. c4 e6 4. e3 Be7 5. Nbd2 0-0 6. b3 b6 7. Bd3 Bb7 8. Bb2 Nbd7 9. 0-0 Rc8 10. Qe2 c5 11. Ne5 Ne4 12. Rfd1 Nxe5 13. dxe5 Nxd2 14. Rxd2 f6 15. cxd5 exd5 16. Bf5 Rc7 17. Be6+ Kh8 18. Rad1 fxe5 19. Bxd5 Bxd5 20. Rxd5 Qe8 21. Bxe5 Rc8 22. Rd7 Rd8 23. Qg4 Rxd7 24. Qxg7# 1-0